[Event "Titled Tuesday intern op 04th Feb Early"]
[Site "Chess.com INT"]
[Date "2025.02.04"]
[Round "1"]
[White "Idnani, Roshan R"]
[Black "Maltsevskaya, Aleksandra"]
[Result "0-1"]
[WhiteElo "2082"]
[BlackElo "2371"]
[PlyCount "92"]
[EventDate "2025.02.04"]
[EventType "swiss (blitz)"]
[EventRounds "11"]
[EventCountry "USA"]
[SourceTitle "CB07_2025"]
[SourceDate "2025.02.12"]
[SourceVersion "1"]
[SourceVersionDate "2025.02.12"]
[SourceQuality "1"]

1. e4 c5 2. Nf3 e6 3. b3 d5 4. exd5 exd5 5. Bb2 Nf6 6. d4 Bd6 7. Be2 0-0 8. 0-0 Nc6 9. dxc5 Bxc5 10. Nc3 Be6 11. Nb5 Ne4 12. Nbd4 Re8 13. Bd3 Bg4 14. Be2 Qf6 15. Rb1 Bxf3 16. Nxf3 Nc3 17. Bxc3 Qxc3 18. Qd3 Qxd3 19. Bxd3 Nb4 20. Bb5 Re7 21. Rfd1 Nxa2 22. Rd3 a6 23. Rxd5 Nc3 24. Rxc5 Nxb1 25. Bd3 Ree8 26. h3 Rac8 27. Rh5 g6 28. Rh4 Na3 29. c4 Rcd8 30. Be4 b5 31. Bd5 bxc4 32. bxc4 Rc8 33. Ng5 Re7 34. Rxh7 Rcc7 35. Rh4 Nc2 36. Ne4 Nb4 37. Nf6+ Kg7 38. Rf4 a5 39. g4 a4 40. Rf3 Ra7 41. g5 a3 42. c5 Nxd5 43. Nxd5 a2 44. Nxe7 a1Q+ 45. Kg2 Rxe7 46. c6 Qe5 0-1

[Event "Titled Tuesday intern op 24th Sep Early"]
[Site "Chess.com INT"]
[Date "2024.09.24"]
[Round "4"]
[White "Herbrig, Alexander"]
[Black "Idnani, Roshan R"]
[Result "1-0"]
[WhiteElo "2295"]
[BlackElo "2082"]
[PlyCount "61"]
[EventDate "2024.09.24"]
[EventType "swiss (blitz)"]
[EventRounds "11"]
[EventCountry "USA"]
[SourceTitle "EXT 2025"]
[Source "ChessBase"]
[SourceDate "2024.10.14"]
[SourceVersion "1"]
[SourceVersionDate "2024.10.14"]
[SourceQuality "1"]

1. d4 Nf6 2. Nf3 g6 3. Bf4 Bg7 4. e3 0-0 5. Nbd2 d6 6. h3 Nbd7 7. c3 c5 8. Be2 b6 9. 0-0 Bb7 10. Ne1 Re8 11. Bf3 Bxf3 12. Qxf3 e5 13. dxe5 dxe5 14. Bg5 h6 15. Bxf6 Nxf6 16. Rd1 Qd5 17. Qxd5 Nxd5 18. Nc4 Rad8 19. Nc2 f5 20. a4 Kf7 21. Rd2 Nc7 22. Nd6+ Kg8 23. Rfd1 Re7 24. Nxf5 Rxd2 25. Nxe7+ Kf7 26. Rxd2 Kxe7 27. e4 Ne6 28. g3 h5 29. Rd5 Nc7 30. Rd1 Ne6 31. Ne3 1-0

[Event "Titled Tuesday intern op 27th Feb Early"]
[Site "Chess.com INT"]
[Date "2024.02.27"]
[Round "4"]
[White "Idnani, Roshan R"]
[Black "Mikhailovsky, Vladimir"]
[Result "1/2-1/2"]
[WhiteElo "2082"]
[BlackElo "2215"]
[PlyCount "150"]
[EventDate "2024.02.27"]
[EventType "swiss (blitz)"]
[EventRounds "11"]
[EventCountry "USA"]
[SourceTitle "EXT 2025"]
[Source "ChessBase"]
[SourceDate "2024.10.14"]
[SourceVersion "1"]
[SourceVersionDate "2024.10.14"]
[SourceQuality "1"]

1. e4 c5 2. Nf3 e6 3. b3 b6 4. Bb2 Bb7 5. Nc3 Ne7 6. Be2 Ng6 7. 0-0 Be7 8. d4 cxd4 9. Nxd4 0-0 10. Qd2 Bg5 11. Qd1 a6 12. g3 Nc6 13. f4 Be7 14. Nxc6 Bxc6 15. Bf3 Bc5+ 16. Kg2 Rc8 17. e5 d5 18. exd6 Bxd6 19. Ne4 Be7 20. Qe2 b5 21. Rad1 Qc7 22. Rd2 Rfd8 23. Rfd1 Rxd2 24. Rxd2 Bd5 25. Nc3 Bxf3+ 26. Qxf3 Bf6 27. Nd1 Bxb2 28. Nxb2 Ne7 29. c4 Nf5 30. Qd3 h5 31. cxb5 Qb7+ 32. Qf3 Qxb5 33. Nc4 Qb4 34. Rd7 a5 35. Qxh5 g6 36. Qe2 a4 37. Qd2 Qb5 38. Rd8+ Rxd8 39. Qxd8+ Kg7 40. Qd3 axb3 41. axb3 Qc5 42. Kf3 Nd4+ 43. Kg2 Nf5 44. Kf3 Qc6+ 45. Qe4 Nd4+ 46. Ke3 Qxe4+ 47. Kxe4 Nxb3 48. Ne5 Nc5+ 49. Kf3 Na4 50. Nd3 Nc3 51. h4 Nb5 52. Ke4 Nd6+ 53. Kf3 Nf5 54. Ne5 Kf6 55. Ng4+ Ke7 56. Ne5 Nd4+ 57. Ke3 Nf5+ 58. Kf3 Nd6 59. g4 Kf6 60. g5+ Kg7 61. Kg4 Nf5 62. h5 gxh5+ 63. Kxh5 Ne3 64. Kh4 Nd5 65. Kg4 f6 66. gxf6+ Kxf6 67. Nd7+ Ke7 68. Nc5 Kd6 69. Ne4+ Ke7 70. Ng5 Kf6 71. Ne4+ Kg6 72. Ng5 Nf6+ 73. Kf3 e5 74. fxe5 Kxg5 75. exf6 Kxf6 1/2-1/2

[Event "Titled Tuesday intern op 20th Feb Late"]
[Site "Chess.com INT"]
[Date "2024.02.20"]
[Round "5"]
[White "Dovzik, Juri"]
[Black "Idnani, Roshan R"]
[Result "0-1"]
[WhiteElo "2235"]
[BlackElo "2082"]
[PlyCount "76"]
[EventDate "2024.02.20"]
[EventType "swiss (blitz)"]
[EventRounds "11"]
[EventCountry "USA"]
[SourceTitle "EXT 2025"]
[Source "ChessBase"]
[SourceDate "2024.10.14"]
[SourceVersion "1"]
[SourceVersionDate "2024.10.14"]
[SourceQuality "1"]

1. Nf3 Nf6 2. g3 g6 3. Bg2 Bg7 4. b3 0-0 5. Bb2 d6 6. d4 Nbd7 7. 0-0 c5 8. dxc5 Nxc5 9. c4 a6 10. Nbd2 Bf5 11. Nd4 Bc8 12. Qc2 Qc7 13. Rac1 e5 14. N4f3 Bf5 15. Qd1 Rad8 16. Nh4 Be6 17. Qc2 b6 18. e4 a5 19. Rfd1 Bg4 20. f3 Be6 21. Bf1 Nfd7 22. Ng2 f5 23. Ne3 f4 24. Nd5 Bxd5 25. cxd5 Nb8 26. g4 h5 27. h3 Qe7 28. Nc4 Nbd7 29. Bc3 Rf7 30. Be1 Bf8 31. Bf2 Ra8 32. a3 b5 33. Nb2 Rb8 34. Nd3 Nxd3 35. Bxd3 hxg4 36. hxg4 Qg5 37. Qc6 Nf6 38. Be2 Rh7 0-1

[Event "Titled Tuesday intern op 20th Feb Late"]
[Site "Chess.com INT"]
[Date "2024.02.20"]
[Round "1"]
[White "Idnani, Roshan R"]
[Black "Melikyan, Gnel"]
[Result "0-1"]
[WhiteElo "2082"]
[BlackElo "2238"]
[PlyCount "42"]
[EventDate "2024.02.20"]
[EventType "swiss (blitz)"]
[EventRounds "11"]
[EventCountry "USA"]
[SourceTitle "EXT 2025"]
[Source "ChessBase"]
[SourceDate "2024.10.14"]
[SourceVersion "1"]
[SourceVersionDate "2024.10.14"]
[SourceQuality "1"]

1. e4 d6 2. d4 Nf6 3. Nc3 e5 4. dxe5 dxe5 5. Qxd8+ Kxd8 6. Bc4 Be6 7. Bxe6 fxe6 8. Nf3 Nc6 9. Be3 Bb4 10. 0-0-0+ Ke7 11. Bg5 Rad8 12. Rxd8 Rxd8 13. Ne2 Kf7 14. Bxf6 gxf6 15. Rd1 Rxd1+ 16. Kxd1 Bc5 17. Ke1 Nb4 18. Nc3 Nxc2+ 19. Ke2 Nd4+ 20. Ke3 Nxf3+ 21. Kxf3 Bd4 0-1

[Event "Titled Tuesday intern op 05th Sep Late"]
[Site "Chess.com INT"]
[Date "2023.09.05"]
[Round "3"]
[White "Kovalev, Vladislav"]
[Black "Idnani, Roshan R"]
[Result "1/2-1/2"]
[WhiteElo "2582"]
[BlackElo "2082"]
[PlyCount "238"]
[EventDate "2023.09.05"]
[EventType "swiss (blitz)"]
[EventRounds "11"]
[EventCountry "USA"]
[SourceTitle "EXT 2024"]
[Source "ChessBase"]
[SourceDate "2023.10.10"]
[SourceVersion "1"]
[SourceVersionDate "2023.10.10"]
[SourceQuality "1"]

1. e4 c6 2. Nf3 d5 3. d3 dxe4 4. dxe4 Qxd1+ 5. Kxd1 Bg4 6. Be2 Nd7 7. Ne1 Bxe2+ 8. Kxe2 0-0-0 9. Be3 g6 10. Nd2 Bg7 11. Nd3 Ngf6 12. f3 Nb6 13. a4 Kb8 14. a5 Nbd7 15. Nc4 a6 16. Rhd1 Ne8 17. Nc5 Kc7 18. Nxd7 Rxd7 19. Bf4+ Nd6 20. Rd3 Rdd8 21. Rad1 g5 22. Bg3 h5 23. Nxd6 exd6 24. Bxd6+ Kc8 25. c3 Rhe8 26. Bc5 Rxd3 27. Kxd3 Rd8+ 28. Kc2 Rxd1 29. Kxd1 Be5 30. g3 Kd7 31. Ke2 Ke6 32. Be3 g4 33. f4 Bc7 34. b4 f6 35. f5+ Kf7 36. Kf2 Be5 37. Bd4 Bb8 38. Kg2 Bd6 39. h3 Bb8 40. hxg4 hxg4 41. Kf2 Bc7 42. Be3 Be5 43. Bd4 Bc7 44. c4 Ke7 45. Be3 Be5 46. Bd2 Kd7 47. Be1 Ke7 48. Ke2 Kd7 49. Kd3 Ke7 50. Bf2 Kd7 51. Bd4 Ke7 52. Bxe5 fxe5 53. Kc3 Kf7 54. Kb3 Kf6 55. Ka3 Kf7 56. Ka4 Ke7 57. b5 c5 58. Kb3 Kf7 59. Kc3 Ke7 60. Kd3 Kf7 61. Ke3 Ke7 62. Ke2 Kf7 63. Kf2 Ke7 64. Kg2 Kf7 65. Kg1 Ke7 66. Kf2 Kf7 67. Kf1 Ke7 68. Ke2 Kf7 69. Ke3 Ke7 70. Kd3 Kf7 71. Kc2 Ke7 72. Kd2 Kf7 73. Kc3 Ke7 74. Kc2 Kf7 75. Kb3 Ke7 76. bxa6 bxa6 77. Ka3 Kf7 78. Ka2 Ke7 79. Kb2 Kf7 80. Kb3 Ke7 81. Kc3 Kf7 82. Kc2 Ke7 83. Kd3 Kf7 84. Kd2 Ke7 85. Ke3 Kf7 86. Ke2 Ke7 87. Kf2 Kf7 88. Kg2 Ke7 89. Kh2 Kf7 90. Kh1 Ke7 91. Kg1 Kf7 92. Kf1 Ke7 93. Ke1 Kf7 94. Kd1 Ke7 95. Kc1 Kf7 96. Kb1 Ke7 97. Ka1 Kf7 98. Ka2 Ke7 99. Kb2 Kf7 100. Kc2 Ke7 101. Kd2 Kf7 102. Ke2 Ke7 103. Kf2 Kf7 104. Kg2 Ke7 105. Kh2 Kf7 106. Kh1 Ke7 107. Kg1 Kf7 108. Kf1 Ke7 109. Ke1 Kf7 110. Kd1 Ke7 111. Kc1 Kf7 112. Kb1 Ke7 113. Ka1 Kf7 114. f6 Kxf6 115. Ka2 Ke6 116. Ka1 Kd6 117. Ka2 Ke6 118. Ka1 Kd6 119. Ka2 Ke6 1/2-1/2

[Event "Titled Tuesday intern op 05th Sep Late"]
[Site "Chess.com INT"]
[Date "2023.09.05"]
[Round "8"]
[White "Movahed, Sina"]
[Black "Idnani, Roshan R"]
[Result "1-0"]
[WhiteElo "2441"]
[BlackElo "2082"]
[PlyCount "85"]
[EventDate "2023.09.05"]
[EventType "swiss (blitz)"]
[EventRounds "11"]
[EventCountry "USA"]
[SourceTitle "EXT 2024"]
[Source "ChessBase"]
[SourceDate "2023.10.10"]
[SourceVersion "1"]
[SourceVersionDate "2023.10.10"]
[SourceQuality "1"]

1. Nf3 Nf6 2. c4 g6 3. b4 Bg7 4. Bb2 0-0 5. g3 d6 6. Bg2 e5 7. d3 c6 8. 0-0 Nbd7 9. a4 a5 10. b5 Qc7 11. Nc3 Re8 12. Rc1 Nc5 13. Ba3 Bf5 14. Nd2 Rad8 15. Bxc5 dxc5 16. Qb3 Bh6 17. Rcd1 Bxd2 18. Rxd2 e4 19. Nd1 exd3 20. exd3 Rd4 21. Ne3 Be4 22. Bxe4 Nxe4 23. Re2 Nf6 24. Rfe1 Red8 25. Qb2 Qd6 26. Rd1 Kg7 27. Red2 cxb5 28. Qxb5 Qc7 29. Qb2 h5 30. Nc2 R4d6 31. Na3 R6d7 32. Nb5 Qc6 33. Qc3 h4 34. d4 cxd4 35. Nxd4 Qxa4 36. g4 Kh7 37. f3 Rd6 38. Rd3 b6 39. Qe1 Qxc4 40. Qxh4+ Kg7 41. g5 Nh5 42. Nf5+ gxf5 43. Qxc4 1-0

[Event "Titled Tuesday intern op 05th Sep Late"]
[Site "Chess.com INT"]
[Date "2023.09.05"]
[Round "10"]
[White "Nepomniachtchi, Ian"]
[Black "Idnani, Roshan R"]
[Result "1-0"]
[WhiteElo "2771"]
[BlackElo "2082"]
[PlyCount "34"]
[EventDate "2023.09.05"]
[EventType "swiss (blitz)"]
[EventRounds "11"]
[EventCountry "USA"]
[SourceTitle "EXT 2024"]
[Source "ChessBase"]
[SourceDate "2023.10.10"]
[SourceVersion "1"]
[SourceVersionDate "2023.10.10"]
[SourceQuality "1"]

1. d4 Nf6 2. c4 g6 3. Nc3 Bg7 4. e4 0-0 5. f4 d6 6. Nf3 c5 7. d5 e6 8. Bd3 exd5 9. cxd5 Re8 10. 0-0 c4 11. Bc2 b5 12. a3 a6 13. h3 Nbd7 14. Be3 Bb7 15. Bd4 Qc7 16. Qd2 Rad8 17. Rae1 Re7 1-0

[Event "Titled Tuesday intern op 14th Feb Early"]
[Site "Chess.com INT"]
[Date "2023.02.14"]
[Round "2"]
[White "Idnani, Roshan R"]
[Black "Manukyan, Artyom"]
[Result "1-0"]
[WhiteElo "2082"]
[BlackElo "2110"]
[PlyCount "114"]
[EventDate "2023.02.14"]
[EventType "swiss (blitz)"]
[EventRounds "11"]
[EventCountry "USA"]
[SourceTitle "CBM 212 Extra"]
[Source "ChessBase"]
[SourceDate "2023.03.31"]
[SourceVersion "1"]
[SourceVersionDate "2023.03.31"]
[SourceQuality "1"]

1. e4 c5 2. Nf3 d6 3. d4 cxd4 4. Qxd4 Nf6 5. c4 Nc6 6. Qe3 g6 7. Nc3 Bg7 8. h3 0-0 9. Be2 Be6 10. 0-0 Rc8 11. Rb1 Nd7 12. b3 Nde5 13. Nxe5 Bxe5 14. Bb2 Nd4 15. Bd3 Bg7 16. Nd5 Nc6 17. Bxg7 Kxg7 18. f4 Bxd5 19. exd5 Nb4 20. a3 Na6 21. b4 Qb6 22. Qxb6 axb6 23. Rfe1 Kf6 24. g4 h6 25. h4 Rfe8 26. Re4 g5 27. fxg5+ hxg5 28. h5 e5 29. dxe6 Rxe6 30. Rxe6+ fxe6 31. Rf1+ Kg7 32. Kf2 Rf8+ 33. Ke2 Rxf1 34. Kxf1 Nb8 35. Be4 Nd7 36. Bxb7 Ne5 37. a4 Nxc4 38. Ke2 d5 39. Bc8 Kf6 40. h6 Nd6 41. Bd7 e5 42. a5 bxa5 43. bxa5 Nc4 44. a6 Nb6 45. Bf5 d4 46. Kd3 Na8 47. Be4 Nc7 48. a7 Kf7 49. Kc4 Kf6 50. Kc5 Kf7 51. Kb6 d3 52. Kxc7 d2 53. Bf3 e4 54. Bd1 e3 55. a8Q e2 56. Bxe2 d1Q 57. Bxd1 Ke6 1-0

[Event "Titled Tuesday intern op 06th Apr"]
[Site "Chess.com INT"]
[Date "2021.04.06"]
[Round "5"]
[White "Idnani, Roshan R"]
[Black "Ardila, Oscar Humberto"]
[Result "1-0"]
[WhiteElo "2082"]
[BlackElo "1988"]
[PlyCount "87"]
[EventDate "2021.04.06"]
[EventType "swiss (blitz)"]
[EventRounds "11"]
[EventCountry "USA"]
[SourceTitle "CBM 201 Extra"]
[Source "ChessBase"]
[SourceDate "2021.05.31"]
[SourceVersion "1"]
[SourceVersionDate "2021.05.31"]
[SourceQuality "1"]

1. e4 e5 2. Nf3 Nc6 3. d4 exd4 4. Nxd4 Bc5 5. Nxc6 Qf6 6. Qf3 Qxf3 7. gxf3 bxc6 8. Be3 Bb4+ 9. c3 Be7 10. Nd2 Nf6 11. Nb3 d5 12. exd5 cxd5 13. 0-0-0 c6 14. Nd4 Bd7 15. Ba6 Rb8 16. Rhg1 g6 17. Bh6 Rb6 18. Bd3 c5 19. Ne2 Kd8 20. Nf4 Re8 21. Bc2 Be6 22. Bg7 Rd6 23. Ba4 Rg8 24. Nxe6+ fxe6 25. Bh6 Ra6 26. Bb3 Ke8 27. Kb1 c4 28. Bc2 Kf7 29. Rde1 Re8 30. h4 Nh5 31. Bg5 Bxg5 32. hxg5 Rb6 33. b4 a5 34. a3 axb4 35. cxb4 Ra8 36. Kb2 Rba6 37. Ra1 Nf4 38. a4 d4 39. Be4 Rb8 40. b5 Ra5 41. Rgd1 d3 42. Kc3 Rc8 43. Kb4 e5 44. Kxa5 1-0

[Event "Titled Tuesday intern op 16th Feb"]
[Site "Chess.com INT"]
[Date "2021.02.16"]
[Round "1"]
[White "Lazavik, Denis"]
[Black "Idnani, Roshan R"]
[Result "1-0"]
[WhiteElo "2442"]
[BlackElo "2082"]
[PlyCount "133"]
[EventDate "2021.02.16"]
[EventType "swiss (blitz)"]
[EventRounds "11"]
[EventCountry "USA"]
[SourceTitle "EXT 2022"]
[Source "ChessBase"]
[SourceDate "2021.10.06"]
[SourceVersion "1"]
[SourceVersionDate "2021.10.06"]
[SourceQuality "1"]

1. d4 Nf6 2. c4 g6 3. g3 Bg7 4. Bg2 0-0 5. Nf3 d6 6. Nc3 Nbd7 7. 0-0 e5 8. e4 c6 9. h3 exd4 10. Nxd4 Qa5 11. Re1 Ne5 12. Bf1 c5 13. Nb3 Qb6 14. f4 Nc6 15. Be3 Rd8 16. Qd2 a5 17. Nc1 Ne8 18. Rb1 Nc7 19. b3 Nd4 20. Kg2 Be6 21. N1e2 Bd7 22. Red1 Nxe2 23. Bxe2 Bc6 24. Bf3 Ne6 25. Ne2 Qc7 26. f5 Nf8 27. Bg5 f6 28. Bf4 gxf5 29. exf5 Bxf3+ 30. Kxf3 Qc6+ 31. Qd5+ Qxd5+ 32. Rxd5 Nd7 33. Rxd6 Ne5+ 34. Bxe5 fxe5 35. Rbd1 Rxd6 36. Rxd6 a4 37. Rb6 axb3 38. axb3 Ra7 39. Nc3 Bf8 40. Ne4 Kf7 41. g4 Be7 42. g5 Ra1 43. Rxb7 Rf1+ 44. Ke2 Rf4 45. Nd6+ Kf8 46. Rb8+ Kg7 47. f6+ Bxf6 48. Ne8+ Kg6 49. gxf6 Re4+ 50. Kf3 Rf4+ 51. Kg3 h5 52. Rb7 h4+ 53. Kg2 e4 54. Rg7+ Kf5 55. Rg4 Rf3 56. f7 Ke5 57. Rg7 Ke6 58. Nc7+ Ke7 59. Nd5+ Kf8 60. Rg4 Kxf7 61. Rxe4 Rxb3 62. Rxh4 Rb2+ 63. Kf3 Rb3+ 64. Ke4 Kg6 65. Ke5 Rb1 66. Kd6 Re1 67. Kxc5 1-0

[Event "Titled Tuesday intern op 16th Feb"]
[Site "Chess.com INT"]
[Date "2021.02.16"]
[Round "3"]
[White "Vifleemskaia, Svetlana"]
[Black "Idnani, Roshan R"]
[Result "0-1"]
[WhiteElo "1926"]
[BlackElo "2082"]
[PlyCount "96"]
[EventDate "2021.02.16"]
[EventType "swiss (blitz)"]
[EventRounds "11"]
[EventCountry "USA"]
[SourceTitle "EXT 2022"]
[Source "ChessBase"]
[SourceDate "2021.10.06"]
[SourceVersion "1"]
[SourceVersionDate "2021.10.06"]
[SourceQuality "1"]

1. d4 Nf6 2. c4 g6 3. Nc3 Bg7 4. e4 0-0 5. Nge2 d6 6. Ng3 c5 7. d5 Nbd7 8. Be2 h5 9. Bg5 a6 10. a4 Qc7 11. 0-0 e6 12. dxe6 fxe6 13. Qd2 Ne5 14. Rad1 Rd8 15. f4 Nc6 16. Qe3 Ng4 17. Bxg4 Bd4 18. Rxd4 cxd4 19. Bxd8 Qxd8 20. Qd3 dxc3 21. Bf3 cxb2 22. Rb1 e5 23. f5 Qb6+ 24. Kh1 Qd4 25. Qxd4 Nxd4 26. fxg6 h4 27. Ne2 Nxf3 28. gxf3 Be6 29. Rxb2 Bxc4 30. Nc3 b5 31. Kg2 Kg7 32. Kh3 Kxg6 33. Kxh4 Rb8 34. axb5 axb5 35. Kg3 b4 36. Nd5 b3 37. f4 exf4+ 38. Kxf4 Rf8+ 39. Ke3 Rf1 40. Kd4 Rc1 41. Ne3 Be6 42. e5 dxe5+ 43. Kxe5 Bf7 44. h4 Kh5 45. Nf5 Rc2 46. Rb1 b2 47. Ne3 Re2 48. Kd4 Ba2 0-1

[Event "Titled Tuesday intern op 09th Feb"]
[Site "Chess.com INT"]
[Date "2021.02.09"]
[Round "6"]
[White "Gusarov, Grigory"]
[Black "Idnani, Roshan R"]
[Result "1-0"]
[WhiteElo "2354"]
[BlackElo "2082"]
[PlyCount "61"]
[EventDate "2021.02.09"]
[EventType "swiss (blitz)"]
[EventRounds "11"]
[EventCountry "USA"]
[SourceTitle "EXT 2022"]
[Source "ChessBase"]
[SourceDate "2021.10.06"]
[SourceVersion "1"]
[SourceVersionDate "2021.10.06"]
[SourceQuality "1"]

1. e4 c5 2. Nf3 d6 3. Bb5+ Bd7 4. a4 a6 5. Bxd7+ Qxd7 6. 0-0 Nc6 7. Re1 e6 8. c3 Nf6 9. d4 cxd4 10. cxd4 Be7 11. d5 Ne5 12. dxe6 Qxe6 13. Nd4 Qd7 14. Nc3 0-0 15. Bf4 Ng6 16. Bg3 Rac8 17. Nf5 Rfd8 18. Qb3 Bf8 19. Rad1 Qc6 20. h3 Ne5 21. Bh4 Ned7 22. Nd5 Qc4 23. Qxb7 Rb8 24. Qa7 Rxb2 25. Nxf6+ Nxf6 26. Bxf6 gxf6 27. Re3 Rc2 28. Rg3+ Kh8 29. Ne3 Qc5 30. Qxf7 Rc1 31. Qg8# 1-0

[Event "Titled Tuesday intern op 09th Feb"]
[Site "Chess.com INT"]
[Date "2021.02.09"]
[Round "4"]
[White "Idnani, Roshan R"]
[Black "Lauridsen, Jesper Morch"]
[Result "1-0"]
[WhiteElo "2082"]
[BlackElo "2215"]
[PlyCount "79"]
[EventDate "2021.02.09"]
[EventType "swiss (blitz)"]
[EventRounds "11"]
[EventCountry "USA"]
[SourceTitle "EXT 2022"]
[Source "ChessBase"]
[SourceDate "2021.10.06"]
[SourceVersion "1"]
[SourceVersionDate "2021.10.06"]
[SourceQuality "1"]

1. e4 e6 2. d4 d5 3. Nd2 dxe4 4. Nxe4 Nd7 5. Nf3 Ngf6 6. Nxf6+ Nxf6 7. c3 Bd6 8. g3 b6 9. Bg2 Rb8 10. 0-0 Bb7 11. Qa4+ Qd7 12. Qxa7 0-0 13. b4 Nd5 14. Qa3 Ra8 15. Qb3 b5 16. Nd2 Ra7 17. a3 Nb6 18. Bxb7 Rxb7 19. c4 bxc4 20. Nxc4 Be7 21. Nxb6 cxb6 22. Be3 Rc8 23. Rfd1 h5 24. Ra2 h4 25. d5 exd5 26. Qxd5 Qxd5 27. Rxd5 hxg3 28. hxg3 f6 29. Rad2 Kf7 30. Rb5 Rc3 31. a4 Rcc7 32. Ra2 Rc6 33. a5 Ra7 34. Rxb6 Rxb6 35. Bxb6 Rb7 36. a6 Rb8 37. a7 Ra8 38. b5 Ke6 39. Be3 Bd6 40. b6 1-0

[Event "Titled Tuesday intern op 09th Feb"]
[Site "Chess.com INT"]
[Date "2021.02.09"]
[Round "1"]
[White "Idnani, Roshan R"]
[Black "Mirzoev, Azer"]
[Result "1/2-1/2"]
[WhiteElo "2082"]
[BlackElo "2430"]
[PlyCount "152"]
[EventDate "2021.02.09"]
[EventType "swiss (blitz)"]
[EventRounds "11"]
[EventCountry "USA"]
[SourceTitle "EXT 2022"]
[Source "ChessBase"]
[SourceDate "2021.10.06"]
[SourceVersion "1"]
[SourceVersionDate "2021.10.06"]
[SourceQuality "1"]

1. e4 Nf6 2. e5 Nd5 3. d4 d6 4. exd6 exd6 5. Nf3 Be7 6. c3 0-0 7. Be2 c6 8. 0-0 Bf5 9. Re1 Re8 10. Nbd2 Nd7 11. Nc4 Nf8 12. g3 h6 13. Ne3 Nxe3 14. Bxe3 Bg4 15. Nd2 Bxe2 16. Qxe2 Bg5 17. Qf3 Bxe3 18. Rxe3 Rxe3 19. Qxe3 d5 20. Re1 Qb6 21. Nb3 a5 22. Re2 a4 23. Nc5 Qb5 24. Qd3 Qb6 25. Qe3 Ng6 26. h4 Qb5 27. Qd3 Qb6 28. Qe3 Nf8 29. Kg2 Ng6 30. Qd3 Qc7 31. Qe3 b6 32. Nd3 a3 33. b3 Qd6 34. h5 Nf8 35. Qe7 Rd8 36. Qxd6 Rxd6 37. Re7 Re6 38. Rxe6 Nxe6 39. Nb4 Ng5 40. f3 c5 41. dxc5 bxc5 42. Nxd5 Kf8 43. Ne3 Ne6 44. Nc4 Ke7 45. Nxa3 Kd6 46. Kf2 Nc7 47. Nc4+ Ke6 48. Ke3 Nd5+ 49. Kd3 Nf6 50. g4 Nd5 51. Nd2 f5 52. a4 fxg4 53. fxg4 Nf6 54. Ne4 Nxg4 55. Nxc5+ Kd5 56. Ne4 Ne5+ 57. Ke3 Ng4+ 58. Kf4 Ne5 59. c4+ Kd4 60. Nd6 g5+ 61. hxg6 Nxg6+ 62. Kf5 Nh4+ 63. Kg4 Ng6 64. a5 Kc5 65. Nb5 Ne7 66. Kh5 Nc6 67. a6 Kb6 68. a7 Kb7 69. Kxh6 Na5 70. Nd4 Kxa7 71. Kg5 Kb6 72. Kf4 Kc5 73. Ne6+ Kb4 74. c5 Kxb3 75. Ke5 Kb4 76. Kd6 Nb7+ 1/2-1/2

[Event "Titled Tuesday intern op 28th Apr"]
[Site "Chess.com INT"]
[Date "2020.04.28"]
[Round "3"]
[White "Idnani, Roshan R"]
[Black "Green, Andrew"]
[Result "1-0"]
[WhiteElo "2081"]
[BlackElo "2154"]
[PlyCount "127"]
[EventDate "2020.04.28"]
[EventType "swiss (blitz)"]
[EventRounds "10"]
[EventCountry "USA"]
[SourceTitle "EXT 2021"]
[Source "ChessBase"]
[SourceDate "2020.10.23"]
[SourceVersion "1"]
[SourceVersionDate "2020.10.23"]
[SourceQuality "1"]

1. e4 c5 2. Nc3 g6 3. g3 Bg7 4. Bg2 Nc6 5. Nge2 d6 6. d3 e5 7. Be3 Nge7 8. Qd2 Nd4 9. 0-0-0 0-0 10. h4 h5 11. f4 Bg4 12. fxe5 dxe5 13. Bxd4 cxd4 14. Nd5 Nxd5 15. exd5 Rc8 16. Rdf1 b5 17. Kb1 a5 18. Bf3 Bxf3 19. Rxf3 Qxd5 20. Rhf1 b4 21. Nc1 Rc7 22. Qg5 Rfc8 23. R3f2 Qe6 24. Rg1 e4 25. dxe4 Qxe4 26. Re2 Qf5 27. Qxf5 gxf5 28. Nd3 a4 29. Nxb4 d3 30. Nxd3 Rb8 31. b3 axb3 32. cxb3 Rc3 33. Nf4 Ra8 34. Rgg2 Rac8 35. Re1 Ra8 36. Rgg1 Rf3 37. Rg2 Rxb3+ 38. axb3 Ra1+ 39. Kc2 Rxe1 40. Nxh5 Ra1 41. Nxg7 Ra2+ 42. Kc3 Rxg2 43. Nxf5 Rf2 44. g4 Rf3+ 45. Kb2 Rf4 46. b4 Kf8 47. b5 Rb4+ 48. Kc3 Rxb5 49. Kd3 Ra5 50. Ke3 Ra4 51. Kf3 Kg8 52. h5 f6 53. Kg3 Kf7 54. Kh4 Ke6 55. h6 Ra1 56. Kh5 Rh1+ 57. Kg6 Rg1 58. h7 Rxg4+ 59. Kh5 Rg1 60. h8Q Kxf5 61. Qc8+ Kf4 62. Qc7+ Kf5 63. Qc5+ Ke4 64. Qxg1 1-0

[Event "Titled Tuesday intern op 14th April"]
[Site "Chess.com INT"]
[Date "2020.04.14"]
[Round "4"]
[White "Leveikina, Jevgenija"]
[Black "Idnani, Roshan R"]
[Result "1-0"]
[WhiteElo "2067"]
[BlackElo "2081"]
[PlyCount "48"]
[EventDate "2020.04.14"]
[EventType "swiss (blitz)"]
[EventRounds "10"]
[EventCountry "USA"]
[SourceTitle "EXT 2021"]
[Source "ChessBase"]
[SourceDate "2020.10.23"]
[SourceVersion "1"]
[SourceVersionDate "2020.10.23"]
[SourceQuality "1"]

1. d4 Nf6 2. Nf3 d6 3. c3 g6 4. g3 Bg7 5. Bg2 0-0 6. 0-0 Nbd7 7. Nbd2 c5 8. e3 Rb8 9. a4 b6 10. b3 Bb7 11. Bb2 Qc7 12. Rc1 e5 13. dxe5 dxe5 14. Nc4 Rbd8 15. Qd6 Qxd6 16. Nxd6 Bc6 17. Rcd1 e4 18. Ng5 Ne5 19. c4 Nd3 20. Bxf6 Rxd6 21. Be7 f6 22. Bxd6 fxg5 23. Bxf8 Kxf8 24. Rxd3 exd3 1-0

[Event "Pan American-ch U16"]
[Site "Guayaquil"]
[Date "2019.07.26"]
[Round "8"]
[White "Rojas Salas, Steven Javier"]
[Black "Idnani, Roshan R"]
[Result "0-1"]
[WhiteElo "2030"]
[BlackElo "1938"]
[PlyCount "108"]
[EventDate "2019.07.21"]
[EventType "swiss"]
[EventRounds "9"]
[EventCountry "ECU"]
[SourceTitle "EXT 2020"]
[Source "ChessBase"]
[SourceDate "2019.10.17"]
[SourceVersion "1"]
[SourceVersionDate "2019.10.17"]
[SourceQuality "1"]

1. e4 c5 2. Nf3 d6 3. Nc3 a6 4. g3 Nc6 5. Bg2 g6 6. d4 Bg4 7. Ne2 Bg7 8. d5 Bxf3 9. Bxf3 Nd4 10. Nxd4 cxd4 11. 0-0 Qb6 12. Be2 Nf6 13. Bd3 0-0 14. a4 e6 15. dxe6 fxe6 16. b3 Qc6 17. Re1 Kh8 18. Bb2 e5 19. Rc1 Bh6 20. Ra1 Qc8 21. Bc1 Bxc1 22. Rxc1 Qc3 23. Re2 Rac8 24. Qe1 Nd7 25. Bc4 Qxe1+ 26. Rcxe1 Nb6 27. Bd3 Rc3 28. Rf1 Nd7 29. f4 Nc5 30. Bc4 Kg7 31. Bd5 b5 32. axb5 axb5 33. Ref2 Re3 34. Rf3 Rxf3 35. Rxf3 exf4 36. gxf4 g5 37. b4 Na6 38. Rg3 Rxf4 39. Bb7 Nxb4 40. Rxg5+ Kf6 41. Rxb5 Nxc2 42. Kg2 Ne3+ 43. Kg3 Rf1 44. Rb6 Ke5 45. Rb5+ Kf6 46. Rb6 Nc4 47. e5+ Ke6 48. Rb4 d5 49. Ba6 Kxe5 50. Rb3 Rf6 51. Bc8 Ne3 52. Ra3 Nc2 53. Rd3 Rc6 54. Bf5 Kxf5 0-1